Swipko chaemi innŭn Han'gugŏ ŏhwi = Easy and fun Korean vocabulary 1 /

쉽고 재미 있는 한국어 어휘 = Easy and fun Korean vocabulary 1.
Detalhes bibliográficos
Autor principal: Pae, To-yong
Outros Autores: Kwŏn, Hye-gyŏng, Pak, In-ae kongjŏ
Formato: Livro
Idioma:Multiple
Korean
Publicado em: Seoul : Language Plus, 2010.
Assuntos:
Classic Catalogue: View this record in Classic Catalogue
LEADER 01313nam a2200301 a 4500
001 00025818
003 BD-DhAAL
008 120826s2010 ko ab 000 0 mul d
020 |a 9788955188189  
020 |a 9788955188172 (set) 
040 |a BD-DhAAL  |c BD-DhAAL 
041 |a kor 
082 0 4 |a 495.782  |2 22 
100 1 |a Pae, To-yong.  |9 59451 
245 1 0 |6 880-01  |a Swipko chaemi innŭn Han'gugŏ ŏhwi =   |b Easy and fun Korean vocabulary 1 /  |c Pae To-yong, Kwŏn Hye-gyŏng, Pak In-ae kongjŏ. 
246 2 |a Swipko chaemi innŭn Han'gugŏ ŏhwi 
246 2 |a Easy and fun Korean vocabulary 1 
260 |a Seoul :  |b Language Plus,  |c 2010. 
300 |a 270 pages :  |b illustrations ;  |c 26 cm. 
541 |a 00025818 
650 0 |a Korean language  |x Grammar  |x Study and teaching  |v Textbooks for foreign speakers.  |9 59414 
700 1 |a Kwŏn, Hye-gyŏng.  |9 59452 
700 1 |a Pak, In-ae kongjŏ.  |9 59453 
852 1 |a Ayesha Abed Library  |j General shelf 
880 a c |6 245-01  |a 쉽고 재미 있는 한국어 어휘 =  |b Easy and fun Korean vocabulary 1. 
942 |2 ddc  |c BK 
999 |c 12770  |d 12770 
952 |0 0  |1 0  |2 ddc  |4 0  |6 495_782000000000000_PAE  |7 0  |9 21029  |a BRACUL  |b BRACUL  |c GEN  |d 2012-08-28  |e BIL  |g 1217.60  |l 0  |o 495.782 PAE  |p 3010025818  |r 2012-08-28  |t 1  |w 2012-08-28  |y BK  |x Transferred from King Sejong Institute (BIL) to BRACUL on 11/10/23